Vapor de agua. Teoría y aplicaciones

Bibliographic Details
Main Author: México. Sistemas Editoriales técnicos S.
Format: Section = Libro
Language:Undetermined
Spanish
Published: México Limusa 1987
Subjects:
LEADER 00635nam a2200217Ia 4500
008 240829s9999 xx 000 0 und d
020 |a 968-18-1807-5 
040 |a BIBLIOTECA-RUPAP 621.18 M611 
041 |a spa 
082 |a 621.18 M611 
100 1 |a México. Sistemas Editoriales técnicos S. 
245 1 0 |a Vapor de agua. Teoría y aplicaciones 
260 |a México  |b Limusa  |c 1987 
300 |a 427 p. :il. 
650 7 |a GENERACION Y TRANSMISION DE VAPOR - AGUA 
650 7 |b  TERMODINAMICA 
650 7 |c  MECANICA DE FLUIDO 
650 7 |d  UTILIZACION DEL VAPOR DE AGUA. I. Tít. 
942 |c BK  |2 ddc 
991 |a TEXTO 
999 |c 9127